<?xml version="1.0" encoding="UTF-8"?>
<record
    xmlns:xsi="http://www.w3.org/2001/XMLSchema-instance"
    xsi:schemaLocation="http://www.loc.gov/MARC21/slim http://www.loc.gov/standards/marcxml/schema/MARC21slim.xsd"
    xmlns="http://www.loc.gov/MARC21/slim">

  <leader>01051nam a22002177a 4500</leader>
  <controlfield tag="008">090517t        xxu||||| |||| 00| 0 eng d</controlfield>
  <datafield tag="020" ind1=" " ind2=" ">
    <subfield code="a">0767097718</subfield>
  </datafield>
  <datafield tag="082" ind1=" " ind2=" ">
    <subfield code="a">004.1</subfield>
    <subfield code="b">COM</subfield>
    <subfield code="2">22</subfield>
  </datafield>
  <datafield tag="245" ind1="0" ind2="0">
    <subfield code="a">Modern Marvels</subfield>
    <subfield code="h">[videorecording] :</subfield>
    <subfield code="b">The Creation of the Computer /</subfield>
    <subfield code="c">Arts and Entertainment Network (Firm), History Channel (Television network), Hearst Entertainment (Firm) and Jaffe Productions.</subfield>
  </datafield>
  <datafield tag="260" ind1=" " ind2=" ">
    <subfield code="a">New York : </subfield>
    <subfield code="b">A &amp; E Television Networks, 1996</subfield>
    <subfield code="c">1996</subfield>
  </datafield>
  <datafield tag="300" ind1=" " ind2=" ">
    <subfield code="a">1videodiscs (ca. 50 min.) : </subfield>
    <subfield code="b">sd., col. and b&amp;w ; </subfield>
    <subfield code="c">4 3/4 in.</subfield>
  </datafield>
  <datafield tag="500" ind1=" " ind2=" ">
    <subfield code="a">Videocassette release of the television program broadcast on The History Channel in1995   </subfield>
  </datafield>
  <datafield tag="500" ind1=" " ind2=" ">
    <subfield code="a"> Traces the evolution of the computer over the past two decades   </subfield>
  </datafield>
  <datafield tag="650" ind1=" " ind2=" ">
    <subfield code="a">Computers</subfield>
    <subfield code="x">History.</subfield>
    <subfield code="9">4778</subfield>
  </datafield>
  <datafield tag="655" ind1=" " ind2=" ">
    <subfield code="a">Documentary television programs</subfield>
  </datafield>
  <datafield tag="710" ind1=" " ind2=" ">
    <subfield code="9">14052</subfield>
    <subfield code="a">History Channel (Television network)   </subfield>
  </datafield>
  <datafield tag="710" ind1=" " ind2=" ">
    <subfield code="9">14107</subfield>
    <subfield code="a">Hearst Entertainment (Firm)</subfield>
  </datafield>
  <datafield tag="710" ind1=" " ind2=" ">
    <subfield code="9">14057</subfield>
    <subfield code="a">Arts and Entertainment Network</subfield>
  </datafield>
  <datafield tag="710" ind1=" " ind2=" ">
    <subfield code="9">14108</subfield>
    <subfield code="a">Jaffe Productions (Firm)   </subfield>
  </datafield>
  <datafield tag="942" ind1=" " ind2=" ">
    <subfield code="2">ddc</subfield>
    <subfield code="c">CDVDDOC</subfield>
  </datafield>
  <datafield tag="999" ind1=" " ind2=" ">
    <subfield code="c">11541</subfield>
    <subfield code="d">11541</subfield>
  </datafield>
  <datafield tag="952" ind1=" " ind2=" ">
    <subfield code="0">0</subfield>
    <subfield code="1">0</subfield>
    <subfield code="2">ddc</subfield>
    <subfield code="4">0</subfield>
    <subfield code="7">0</subfield>
    <subfield code="8">Baccah</subfield>
    <subfield code="a">MAIN</subfield>
    <subfield code="b">MAIN</subfield>
    <subfield code="c">LOW</subfield>
    <subfield code="d">2009-05-18</subfield>
    <subfield code="e">Purchase</subfield>
    <subfield code="l">3</subfield>
    <subfield code="o">004.1 HIS</subfield>
    <subfield code="p">000016361</subfield>
    <subfield code="r">2022-08-24 00:00:00</subfield>
    <subfield code="s">2014-10-21</subfield>
    <subfield code="w">2009-05-18</subfield>
    <subfield code="y">CDVDDOC</subfield>
  </datafield>
</record>
